000 00960nam a22002537a 4500
005 20170124103010.0
010 _a902451
020 _c8.00
035 _a902451
037 _bCen Lib/Ret
040 _aDPL
_bHN
082 _a
_bआप्टेह
100 _aआप्टे, हरिनारायण
_957421
245 _aउषाकाल /
_cहरिनारायण आप्टे
246 _aUshakaal /
_bby Harinarayan Apte
260 _aदिल्ली
_bकिताबघर
_c1978
270 _bदिल्ली
_aमेन रोड, गांधीनगर
_e110031
300 _a158पृ.
_c18मी(सजिल्द)
650 _aहिन्दी साहित्य
_957422
650 _aहिन्दी साहित्य -- उपन्यास
_946379
650 _aHindi literature
_957423
650 _aHindi literature -- Fiction
_957424
942 _2ddc
_cHN
_h
_mआप्टेह
999 _c114583
_d114583